000 01145nac a22003137a 4500
001 BR8105536
003 BR-BrBNA
005 20240105115048.0
008 230509b bl.|||m| |||| 00| 0 por d
040 _aBR-BrBNA
_bpor
_cBiblioteca Nacional de Agricultura
072 _aM40
090 _a8310 BR8105536
100 1 _aBrisson, S.
110 1 _aInstituto de Pesquisas da Marinha, Rio de Janeiro, RJ (Brasil)
_96154
245 1 _aEstudo da populacao de peneideos da area de Cabo Frio. 4-Limite de penetracao das post-larvas de camaroes-rosa na Laguna de Araruama [Penaeus brasiliensis; Penaeus paulensis; Biologia aquatica; Rio de Janeiro; Brasil]
260 3 _aRio de Janeiro, RJ (Brasil):
_c1981.
300 _a6 p.
490 _aPublicacao do Instituto de Pesquisas da Marinha (Brazil)
_vno. 141
_xISSN 0524-3130
500 _a9 ref.; Summaries (En, Pt)
650 _aBIOLOGIA AQUATICA
650 _aCAMARAO ROSA
650 _aLARVA
650 _aSALINIZACAO
650 _aLAGOA DE ARARUAMA
650 _aCABO FRIO
650 _aRIO DE JANEIRO
909 _a202312
_bLúcia Elande
_c55
_dLúcia Elande
942 _2AGRIS
_n0
_cMS
999 _c272826
_d272826